Регионална библиотека "Любен Каравелов" - Русе

Велико Търново (Запис номер 79760)

MARC детайли
000 -Лидер
Контролно поле с фиксирана дължина 01330nam a2200373 c 4500
003 - Код на организацията, давaща контролен номер
Контролно поле BLK
005 - Дата и час на последна редакция
Контролно поле 20180422103831.0
008 - Елементи от данни с фиксирана дължина
fixed length control field 180408b bul|||||r ||||||| ||bul||
010 ## - Наследен системен номер
LC control number KNG00084240000
020 ## - Международен стандартен номер на книга ISBN
Международен стандартен номер на книга ISBN 978-954-427-762-8
-- издат.: Абагар
040 ## - Източник на каталожния запис
Идентификатор на билиотеката - собственик на записа BLK
041 ## - Код за език
Код за езика на текст/звукозапис или на отделно заглавие Български
Код за езика КДБФ Български
080 ## - УДК
Текстов определител УДК Краезнание
УДК код - определител по УДК 908
УДК определител (497.216)(035)
УДК - код + определител 908(497.216)(035)
100 1# - Редна дума - Автор
Автор Харитонов, Христо Досев
Авторска отговорност първи автор
R(LIN) 369216
139 ## - Редно поле
Редна дума Харитонов, Христо Досев
Авторски знак Хари - Х 27
245 10 - Сведения за заглавието
Заглавие Велико Търново
Подзаглавни данни Най, най, най... 1185 - 1879
Редно поле (дума) Христо Досев Харитонов.
257 ## - Страна на издаване
Страна на създаване/издаване България
260 ## - Област на издателските данни
-- В. Търново
Име на издателя, разпространителя и проч. Абагар
Година на издаване 2007
300 ## - Физическа характеристика
Страници 64 с.
Размери/Мащаб 17 см
380 ## - Жанр
Жанр История
500 ## - Общи забележки
Забележка Офс. изд.
650 #4 - Допълнително описание по предмет – тема
Основно описание – тема или топоним Велико Търново - справочници
9 (RLIN) 269774
650 #4 - Допълнително описание по предмет – тема
Основно описание – тема или топоним Градове, български
9 (RLIN) 264012
651 #4 - Допълнително описание по предмет - топоним
Географско понятие Велико Търново
9 (RLIN) 178697
651 #4 - Допълнително описание по предмет - топоним
Географско понятие България
9 (RLIN) 241624
653 ## - Ключова дума – ненормативна
Ключова дума Велико Търново
653 ## - Ключова дума – ненормативна
Ключова дума градове
653 ## - Ключова дума – ненормативна
Ключова дума справочници
852 ## - Местоположение
Форматна сигнатура Цб І 33044
856 4# - Електронен адрес и достъп
Електронен формат pdf - файл
Път до файла /url/
856 4# - Електронен адрес и достъп
Електронен формат pdf - файл
Път до файла /url/
942 ## - АРТИКУЛИ
Вид на библиотечния материал Книги
Скрит в OPAC Не
944 ## - СЪЗДАВАНЕ И РЕДАКЦИЯ на ЗАПИСА
Създаване/Редакция Създаване
Дата на регистрацията/редакция 09.06.2008
Статус, дата на статуса ф /
Служител, извършил регистрацията/редакцията Людмила_Стоянова
944 ## - СЪЗДАВАНЕ И РЕДАКЦИЯ на ЗАПИСА
Създаване/Редакция Редакция
Дата на регистрацията/редакция 25.07.2016
Статус, дата на статуса ф /
Служител, извършил регистрацията/редакцията Людмила_Стоянова
999 ## - СИСТЕМНИ КОНТРОЛНИ НОМЕРА
Koha biblionumber 79760
Koha biblioitemnumber 79760
Наличности
Код за отписване Код за изгубен артикул Код за повреда Коз за рестрикции Код за отдаване Артикулен № Име на библиотеката - собственик Име на библиотеката, в която се намира в момента Статус (Текущо местоположение) Дата на вписване в системата Местоположение - отдел Цена в лева Инвентарен номер Систематично азбучна сигнатура Баркод Номер на екземпляра Цена в евро Служебна бележка Служебен тип на артикула
  Не е изгубен Не е повреден без рестрикции ползва се в читалня 128987 Регионална библиотека "Любен Каравелов" Русе Регионална библиотека "Любен Каравелов" Русе Хранилище 2008-06-05 Хранилище 3.00 120000726956 Цб І 33044 120000726956 1 1.53 Дост: Dp Вид: Д N: 17 Дата: 26.03.2008 Книги
Изтеглен Не е изгубен Не е повреден без рестрикции заемане за дома 128988 Регионална библиотека "Любен Каравелов" Русе Регионална библиотека "Любен Каравелов" Русе Детски отдел 2015-12-18 Детски отдел 3.00 120000796018 ДН 120000796018 2 1.53 Дост: Pk Вид: Ф N: 448 Дата: 14.12.2015 Книги
Vip Innovations Ltd, Rousse, Bulgaria 2025